Research and statistics in physical education (Record no. 393720)

MARC details
000 -LEADER
fixed length control field 00559 a2200205 4500
005 - DATE & TIME
control field 20260112144353.0
008 - FIXED-LENGTH DATA ELEMENTS--GENERAL INFORMATION
fixed length control field 260112b |||||||| |||| 00| 0 eng d
020 ## - ISBN
International Standard Book Number 9789390461356
Price Rs. 800.00
040 ## - CATALOGING SOURCE
Original cataloging agency VIVEKANANDA LIBRARY
082 ## - DDC NUMBER
Classification number 796.07072
Book Number B223R
100 ## - MAIN ENTRY--PERSONAL NAME
Personal name Banerjee, Rajat Kumar
245 ## - TITLE STATEMENT
Title Research and statistics in physical education
260 ## - PUBLICATION, DISTRIBUTION, ETC. (IMPRINT)
Name of publisher, distributor, etc Khel Sahitya Kendra
Date of publication, distribution, etc 2025
Place of publication, distribution, etc New Delhi
300 ## - PHYSICAL DESCRIPTION
Pages 143
500 ## - GENERAL NOTE
General note B.P.Ed. Semester-IV
650 ## - Subject
Subject Physical Education
650 ## - Subject
Subject Sports
650 ## - Subject
Subject Statistics- Research
942 ## - ADDED ENTRY ELEMENTS (KOHA)
Koha item type Books
Holdings
Withdrawn status Lost status Source of classification or shelving scheme Damaged status Not for loan Location (home branch) Sublocation or collection (holding branch) Shelving location Date acquired Koha issues (times borrowed) Koha full call number Accession No. Koha date last seen Koha item type
    Dewey Decimal Classification     VIVEKANANDA LIBRARY VIVEKANANDA LIBRARY Vivekananda Library 12/12/2025   796.07072 B223R 443654 12/12/2025 Books
© Designed and Maintained by Vivekananda Library, MDU Rohtak